Intoducción a la finanzas públicas (Registro nro. 1124)

Detalles MARC
000 -LEADER
fixed length control field 01095 a2200217 4500
001 - CONTROL NUMBER
control field 23735
005 - DATE AND TIME OF LATEST TRANSACTION
control field 20260407155523.0
008 - FIXED-LENGTH DATA ELEMENTS--GENERAL INFORMATION
fixed length control field 260407a1987 arg spa d
003 - CONTROL NUMBER IDENTIFIER
control field AR-UNSa-BCEJYS
040 ## - CATALOGING SOURCE
Original cataloging agency AR-UNSa-BCEJYS
Language of cataloging spa
Transcribing agency AR-UNSa-BCEJYS
080 ## - UNIVERSAL DECIMAL CLASSIFICATION NUMBER
Universal Decimal Classification number 336.1
Common auxiliary subdivision Finanzas Públicas. Finanzas del gobierno en general<br/> <br/>
020 ## - INTERNATIONAL STANDARD BOOK NUMBER
International Standard Book Number 950-14-0425-0
100 1# - MAIN ENTRY--PERSONAL NAME
Personal name Martín, José María
245 10 - TITLE STATEMENT
Title Intoducción a la finanzas públicas
250 ## - EDITION STATEMENT
Edition statement 2a. ed
264 #1 - PRODUCTION, PUBLICATION, DISTRIBUTION, MANUFACTURE, AND COPYRIGHT NOTICE
Place of production, publication, distribution, manufacture Buenos Aires :
Name of producer, publisher, distributor, manufacturer Depalma
Date of production, publication, distribution, manufacture, or copyright notice 1987
300 ## - PHYSICAL DESCRIPTION
Extent 431 p.
Dimensions 22 cm.
505 ## - FORMATTED CONTENTS NOTE
Formatted contents note Titulo I : De la actividad financiera del estado : 1. De los principios generales sobre la actividad financiera estatal - 2. De los gastos públicos - 3. De los recursos públicos - 4. De los recursos tributarios - 5. De los impuestos - 6. De las tasas y las contribuciones especiales - 7. Del crédito público - Titulo II : 8. De los principios generales del presupuesto - 9. De la aprobación y contenido del presupuesto - 10. De la ejecución y el control del presupuesto.
590 ## - LOCAL NOTE (RLIN)
Local note niveau_biblio:m niveau_hierar:0
942 ## - ADDED ENTRY ELEMENTS (KOHA)
Koha item type
Existencias
Withdrawn status Lost status Damaged status Not for loan Home library Current library Shelving location Date acquired Total checkouts Full call number Barcode Date last seen Price effective from Koha item type
        Biblioteca Prof. Eusebio Cleto del Rey Biblioteca Prof. Eusebio Cleto del Rey   07/04/2026   336.1 M378 2ed. L53090 07/04/2026 07/04/2026 Libro
        Biblioteca Prof. Eusebio Cleto del Rey Biblioteca Prof. Eusebio Cleto del Rey   07/04/2026   336.1 M378 2ed. L53091 07/04/2026 07/04/2026 Libro